|
|
|
|
| LEADER |
00000nkm a2200000 a 4500 |
| 001 |
vtls010656640 |
| 003 |
SK-MaSNL |
| 005 |
20260512125044.0 |
| 007 |
kp co |
| 008 |
231206s1978 xo g kzslo |
| 035 |
|
|
|a D62BF65B-A1CF-4C62-B1E7-D0DF05BA8CAC
|
| 035 |
|
|
|a urn:nbn:sk:snk-kmxwvg
|
| 035 |
|
|
|a urn:nbn:sk:snk-km002xft
|
| 040 |
|
|
|a SNK
|b slo
|c SNK
|e AACR2
|
| 041 |
0 |
|
|a slo
|
| 044 |
|
|
|a xo
|c SK
|
| 080 |
|
|
|a (437.6)
|2 2001
|
| 080 |
|
|
|a (084.121)
|2 2001
|
| 100 |
1 |
|
|a Šechtlová, Marie,
|d 1928-2008
|4 aut
|4 pht
|9 175440
|
| 245 |
1 |
0 |
|a Podbanské
|h grafika
|b Vysoké Tatry : panoráma Kriváňa (2494 m) : hotel Kriváň : Tichá dolina
|c foto: M. Šechtlová, P. Paul, O. Staněk
|
| 246 |
1 |
1 |
|a Vyokije Tatry
|
| 246 |
1 |
1 |
|a Hohe Tatra
|
| 246 |
1 |
1 |
|a High Tatras
|
| 260 |
|
|
|a Bratislava
|b ČSTK-Pressfoto
|c [1978]
|
| 300 |
|
|
|a 1 pohľadnica
|b farebná
|c 11 x 15 cm
|
| 520 |
8 |
|
|a Zobrazenie: 4 čiastkové pohľady
|
| 651 |
|
7 |
|a Podbanské (Pribylina, Slovensko)
|2 SNKPH
|9 20094
|
| 655 |
|
7 |
|a geografické pohľadnice
|2 SNKPH
|9 70522
|
| 655 |
|
7 |
|a miestne pohľadnice
|2 SNKPH
|9 70510
|
| 700 |
1 |
|
|a Paul, Petr,
|d 1945-
|4 pht
|9 181505
|
| 700 |
1 |
|
|a Staněk, Oldřich,
|d 1914-2005
|4 pht
|9 121989
|
| 852 |
|
|
|a Slovenská národná knižnica
|
| 958 |
|
|
|a GC
|
| 958 |
|
|
|a GBN
|
| 958 |
|
|
|a OND
|
| 999 |
|
|
|c 1013549
|d 1015479
|
| 952 |
|
|
|a SNK
|b SNK
|y PREZ
|7 0
|p 17A0810973
|o snkSP 152706
|i snk2015/6457
|8 3
|g 0.50
|0 0
|1 0
|4 0
|d 2015-02-24
|f 1
|l 0
|r 2026-02-24 13:00:19
|w 2026-02-24
|